L'Abbage de Snt-Savin de Lavedan et ses possession áa Saragosse et áa Cortada au XII siecle / (Record no. 66329)

MARC details
000 -LEADER
campo de control de longitud fija 00623nam a2200181 i 4500
001 - NÚMERO DE CONTROL
campo de control 66329
003 - IDENTIFICADOR DE NÚMERO DE CONTROL
campo de control ES-MaACL
005 - FECHA Y HORA DE LA ÚLTIMA TRANSACCIÓN
campo de control 20231216062906.0
007 - CAMPO FIJO DE DESCRIPCIÓN FÍSICA--INFORMACIÓN GENERAL
campo de control de longitud fija t|
008 - DATOS DE LONGITUD FIJA--INFORMACIÓN GENERAL
campo de control de longitud fija 040203s1923 fr ||||1| fre d
100 1# - ENTRADA PRINCIPAL--NOMBRE DE PERSONA
Nombre de persona Galindo Romeo, Pascual,
Fechas asociadas al nombre 1892-1990
9 (RLIN) 53446
245 12 - MENCIÓN DEL TÍTULO
Título L'Abbage de Snt-Savin de Lavedan et ses possession áa Saragosse et áa Cortada au XII siecle /
Mención de responsabilidad, etc. par Pascual Galindo Romeo et Alphonse Meillon.
260 ## - PUBLICACIÓN, DISTRIBUCIÓN, ETC.
Lugar de publicación, distribución, etc. Tarbes :
Nombre del editor, distribuidor, etc. [s.n.,
Fecha de publicación, distribución, etc. 1923] (
Fabricante Imp. Lesbordes)
300 ## - DESCRIPCIÓN FÍSICA
Extensión 46 p. ;
Dimensiones 26 cm.
700 1# - ENTRADA AGREGADA--NOMBRE PERSONAL
Nombre de persona Meillon, Alphonse.
9 (RLIN) 79844
852 ## - LOCALIZACIÓN
Ubicación ES-MaACL
Número de control de estantería 1603-F-15
Holdings
Estatus retirado Estado de pérdida Estado de daño No para préstamo Colección Biblioteca de origen Biblioteca actual Ubicación en estantería Fecha de adquisición Fuente de adquisición Total de préstamos Signatura topográfica completa Código de barras Visto por última vez Precio de reemplazo Tipo de ítem Koha
        Colección de folletos Biblioteca del Ateneo de Madrid Biblioteca del Ateneo de Madrid Depósito folletos 17/01/2008     1603-F-15 1069490 23/02/2023 23/02/2023 Folleto